000
00328nam a2200145Ia 4500
008
230718s9999 xx 000 0 und d
041
_a
Eng.
082
_a
376.9
_b
RAB-P
100
_a
Rabbami, Ikram M.
245
0
_a
Pakistan Studies
260
_a
Pakistan
_b
Cacuam Book
_c
2012
300
_a
327
650
_a
Law
999
_c
31281
_d
31281